Organizácia a riadenie výroby
Uložené v:
| Hlavný autor: | |
|---|---|
| Ďalší autori: | , |
| Médium: | Kniha |
| Jazyk: | Slovak |
| Vydavateľské údaje: |
Bratislava
Alfa
1987
|
| Vydanie: | 2. vyd. |
| Tagy: |
Žiadne tagy, Buďte prvý, kto otaguje tento záznam!
|
MARC
| LEADER | 00000nam a2200000 4500 | ||
|---|---|---|---|
| 001 | c023188 | ||
| 005 | 20230116103540.0 | ||
| 041 | 0 | |a slo | |
| 044 | |a SK | ||
| 245 | 1 | 0 | |a Organizácia a riadenie výroby |c Michal Leščišin, Vladimír Líbal, Adolf Šperlich |
| 250 | |a 2. vyd. | ||
| 264 | 1 | |a Bratislava |b Alfa |c 1987 | |
| 300 | |a 589 s. | ||
| 100 | 1 | |a Leščišin, Michal | |
| 700 | 1 | |a Líbal, Vladimír | |
| 700 | 1 | |a Šperlich, Adolf | |